| 000 | 01000cas a2200337 i 4500 | ||
|---|---|---|---|
| 999 |
_c200429685 _d47609 |
||
| 001 | 200429685 | ||
| 003 | TR-AnTOB | ||
| 005 | 20190322123727.0 | ||
| 008 | 160201c20159999tu d | ||
| 022 | _a2547-9873 | ||
| 040 |
_aANKA _beng _erda _cANKA _dTR-AnTOB |
||
| 041 | 0 | _atur | |
| 050 |
_aHD6958.5 _b.I8 |
||
| 090 |
_aHD6958.5 _b.I8 |
||
| 099 | _aJOURNAL ISV H | ||
| 222 | _aİş ve hayat. | ||
| 245 | 0 | 0 | _aİş ve hayat. |
| 246 | 1 | 4 |
_aİş ve hayat dergisi : _bekonomi, hukuk ve sosyal politika. |
| 264 | 1 |
_aAnkara : _bGıda ve Şeker Sanayi İşçileri Sendikası, _c2015- |
|
| 300 |
_avolumes ; _c24 cm. |
||
| 310 | _ahalf yearly | ||
| 336 |
_atext _2rdacontent |
||
| 337 |
_aunmediated _2rdamedia |
||
| 338 |
_avolume _2rdacarrier |
||
| 362 | 0 | _aYear 1,issue 1 (2015)- | |
| 650 | 0 |
_aIndustrial relations _vPeriodicals _925859 |
|
| 650 | 0 |
_aEndüstriyel ilişkiler _vSüreli yayınlar _925856 |
|
| 856 | _uhttp://www.sekeris.org.tr/dergi/ | ||
| 942 |
_2lcc _cCR _s1 |
||